How to get ideas / (Record no. 283314)
[ view plain ]
| 000 -LEADER | |
|---|---|
| fixed length control field | 00453nam a2200157Ia 4500 |
| 008 - FIXED-LENGTH DATA ELEMENTS--GENERAL INFORMATION | |
| fixed length control field | 150223s9999 xx 000 0 und d |
| 020 ## - INTERNATIONAL STANDARD BOOK NUMBER | |
| International Standard Book Number | 9781576754306 |
| 050 ## - LIBRARY OF CONGRESS CALL NUMBER | |
| Classification number | PN 147 |
| Item number | .F66 2006 |
| 100 ## - MAIN ENTRY--PERSONAL NAME | |
| Personal name | Foster, Jack. |
| 245 ## - TITLE STATEMENT | |
| Title | How to get ideas / |
| Statement of responsibility, etc | Jack Foster. |
| 250 ## - EDITION STATEMENT | |
| Edition statement | 2nd Ed. |
| 260 ## - PUBLICATION, DISTRIBUTION, ETC. (IMPRINT) | |
| Place of publication, distribution, etc | Philippines : |
| Name of publisher, distributor, etc | Berret-Koehler Publishers, Inc., |
| Date of publication, distribution, etc | 2006 |
| 300 ## - PHYSICAL DESCRIPTION | |
| Extent | 214 pages : |
| Other physical details | Illustration ; |
| Dimensions | 22 cm. |
| 504 ## - BIBLIOGRAPHY, ETC. NOTE | |
| Bibliography, etc | Includes Index. |
| 650 ## - SUBJECT ADDED ENTRY--TOPICAL TERM | |
| Topical term or geographic name as entry element | Ideas |
No items available.